000 01085nam a2200253 i 4500
001 171383
003 ES-MaACL
005 20250819063108.0
008 090513s1971 sp |||| | spa d
017 _aM 11375-1971
100 0 _aIldefonso,
_cSanto
_965173
245 1 0 _aLa virginidad perpetua de Santa María /
_chistoria de su tradición manuscrita, texto y comentario gramatical y estilístico por Vicente Blanco García
_b. El conocimiento del bautismo. El camino del desierto / versión, introducción y notas de Julio Campos Ruiz.
260 _aMadrid :
_b[La Editorial Católica],
_c1971.
300 _aXII, 1 h. ;
_c20 cm.
490 1 _aBiblioteca de autores cristianos ;
_v320
490 1 _aSantos Padres Españoles ;
_v1
546 _aTexto latino y traducción en español.
700 1 _aBlanco García, Vicente.
_929259
700 1 _aCampos Ruiz, Julio.
_9140049
830 0 0 _aBiblioteca de autores cristianos
_v320
_9178679
830 0 _aSantos Padres Españoles ;
_v1
_9189018
852 _aES-MaACL
_jJ-313
_9R.46092
999 _c171383
_d171383